000 01052nam a22003377a 4500
001 BR9804656
003 BR-BrBNA
005 20230928100106.0
007 ta
008 230509b bl.||||| |||| 00| 0 por d
040 _aBR-BrBNA
_bpor
_cBiblioteca Nacional de Agricultura
041 _a(Por)
072 _aF30; F60
_b0120
090 _ 0120 BR9804656
100 1 _aSilva, L.F.P. e
110 1 _aEscola Superior de Agricultura Luiz de Queiroz, Piracicaba, SP (Brasil)
_0Tese (Mestre em Agronomia)
245 1 _aAvaliacao de caracteristicas agronomicas e nutricionais de hibridos de milho para silagem
260 3 _aPiracicaba, SP (Brasil):
_c1997.
300 _a98 p.
500 _aBibliography p. 86-98; 50 tables; 5 illus.; Summaries (Eng, Por)
650 _aMilho
650 _aSilagem
650 _aHibrido
650 _aCaracteristicas Agronomicas
650 _aComposicao Quimica
650 _aMateria Seca
650 _aNutricao Vegetal
650 _aBromatologia
909 _a202309
_bLucia
_c55
_dLucia Elande
942 _cBK
999 _c60289
_d60289